000
00306nam a22001337a 4500
008
170803b xxu||||| |||| 00| 0 eng d
020
_a
9780805317480
041
_a
eng
080
_2
2ND
_a
004
100
_a
32
101
_a
SHK
245
_a
FUNDAMENTALS OF DATABASE SYSTEMS
_c
ELMASRI,R
942
_2
udc
_c
BK
999
_c
22599
_d
22599